Využívanie osobnej komunikácie v marketingovej praxi : Diplomová práca

Guardado en:
Detalles Bibliográficos
Autor principal: Ledeczky, Tichomír (Autor)
Otros Autores: Baláž, Peter (xxx)
Formato: Manuscrito Libro
Lenguaje:eslovaco
Publicado: Trnava : STU v Bratislave MtF KMK, 2000
Materias:
Etiquetas: Agregar Etiqueta
Sin Etiquetas, Sea el primero en etiquetar este registro!

MARC

LEADER 00000ntm a22000003a 4500
001 stu79593
005 20160719154951.6
008 030307s2000----xo------------------slo-d
040 |a STU  |b slo 
041 0 |a slo 
044 |a xo 
100 1 |a Ledeczky, Tichomír  |4 aut 
245 1 |a Využívanie osobnej komunikácie v marketingovej praxi :  |b Diplomová práca 
260 |a Trnava :  |b STU v Bratislave MtF KMK,  |c 2000 
300 |a 82 s  |c príl. 
650 7 |a osobná komunikácia  |2 stusub 
650 7 |a marketingová komunikácia  |2 stusub 
650 7 |a manažment priemyselných podnikov  |2 stusub 
700 1 |a Baláž, Peter  |4 xxx